000 00630nam a2200193Ia 4500
003 GCL
008 140319s9999 xx 000 0 ara d
040 _aGCL /
_cGCL
082 0 4 _a214
_bى م
100 1 _aيحيى ابراهيم خطاب
245 1 0 _aالموعظة الحسنة /
_cيحيى ابراهيم خطاب
260 _aالقاهرة :
_bدار الشعب للطباعة والنشر ،
_c1974
300 _a156 ص ؛
_cسم24
490 _aمطبوعات الشعب
_v0
650 0 4 _aالثقافة الاسلامية
650 0 4 _aالفقه الاسلامى
650 0 4 _aالموعظة
942 _2ddc
_cBK
999 _c29316
_d29316